00599nam a2200205Ia 4500008004100000050001200041050001500053100003000068245006500098245003000163260003100193260001000224260001000234300001600244300002000260300001100280500005600291521002700347999001900374170504s9999 xx 000 0 und d aTS 155  b.D665 2016 aDolotina, Joshua Shaun O. aGrading system for holy rosary academy of Las Piñas city / cJoshua Shaun O. Dolotina. aLas Piñas, Philippines : bSISC, c2016. a109 pages : billustrations ; c28 cm. aIncludes bibliographical references and appendices. aInformation Technology c329732d329732